Представление документа в формате RUSMARC

ПолеНазваниеЗначение
  Тип записи a
  Библиографический уровень m
001 Контрольный номер 79fcef8d014648aab1e72e8450d9036b
005 Дата корректировки 20140609162406.9
010 Индекс ISBN __
a ISBN 978-5-160-03653-3
101 Язык документа 0_
a Язык текста rus
102 Страна публикации __
a Страна публикации RU
200 Заглавие и сведения об ответственности 1_
a Заглавие Трудовой кодекс Российской Федерации
e Сведения, относящиеся к заглавию офиц. текст по состоянию на 1 апр. 2009 г.
210 Выходные данные 1_
c Издательство Проспект
a Место издания М.
d Дата издания 2009
215 Физическое описание __
a Объем 207 с.
225 Серия 2_
a Серия Кодекс
610 Ключевые слова 0_
a Ключевые слова трудовой кодекс
610 Ключевые слова 0_
a Ключевые слова российская федерация
610 Ключевые слова 0_
a Ключевые слова социальное партнерство
610 Ключевые слова 0_
a Ключевые слова сфера труда
610 Ключевые слова 0_
a Ключевые слова трудовой договор
610 Ключевые слова 0_
a Ключевые слова персональные данные
610 Ключевые слова 0_
a Ключевые слова рабочее время
610 Ключевые слова 0_
a Ключевые слова отпуск
610 Ключевые слова 0_
a Ключевые слова заработная плата
610 Ключевые слова 0_
a Ключевые слова гарантии
610 Ключевые слова 0_
a Ключевые слова компенсации
610 Ключевые слова 0_
a Ключевые слова охрана труда
686 Индексы других классификаций __
a Классификационный индекс 67.627-32
2 Код системы rubbk
801 Источник записи _0
a Страна RU
b Организация РУК
c Дата составления 20100122
g Правила каталогизации PSBO
801 Источник записи _1
a Страна RU
b Организация РУК
c Дата составления 20100122
g Правила каталогизации PSBO
852 Данные о местонахождении __
i Авторский знак Т 78
j Шифр хранения ББК 67
901 Тип документа __
t Тип документа m
938 Служебная информация __
a Название организации Головной вуз
b Имя БД BOOK
c Название АИБС АИБС ИРБИС